| 000 | 00770nam a2200217Ia 4500 | ||
|---|---|---|---|
| 003 | GCL | ||
| 008 | 140319s9999 xx 000 0 ara d | ||
| 040 |
_aGCL / _cGCL |
||
| 082 | 0 | 4 |
_a910 _bص ف |
| 100 | 1 | _aصبرى فارس الهيتى | |
| 245 | 1 | 0 |
_aالفكر الجغرافي : _bنشاته ومناهجه / _cصبرى فارس الهيتى |
| 250 | _aالاولى | ||
| 260 |
_aالاردن : _bدار صفاء للنشر والتوزيع ، _c2005 |
||
| 300 |
_a167 ص ؛ _c24 سم |
||
| 650 | 0 | 4 | _aالجغرافيا الطبيعية |
| 650 | 0 | 4 | _aالحضارة الاغريقية |
| 650 | 0 | 4 | _aالحضارة الرومانية |
| 650 | 0 | 4 | _aمصر القديمة - تاريخ |
| 650 | 0 | 4 | _aمصر القديمة - جغرافيا |
| 942 |
_2ddc _cBK |
||
| 999 |
_c46251 _d46251 |
||